|
|
|
|
| LEADER |
01500cam a2200457 a 4500 |
| 001 |
nkc20122358909 |
| 003 |
CZ PrNK |
| 005 |
20130909163415.0 |
| 007 |
ta |
| 008 |
120209s2012 xr a g f 000 0 cze d |
| 015 |
|
|
|a cnb002358909
|
| 020 |
|
|
|a 978-80-7451-217-9
|q (brož.)
|
| 035 |
|
|
|a (OCoLC)847727086
|
| 040 |
|
|
|a PNA001
|b cze
|d ABA001
|
| 041 |
1 |
|
|a cze
|a eng
|h slo
|
| 072 |
|
7 |
|a 811.111
|x Angličtina
|2 Konspekt
|9 11
|
| 080 |
|
|
|a 811.111
|2 MRF
|
| 080 |
|
|
|a 81'373
|2 MRF
|
| 080 |
|
|
|a 81'373.74
|2 MRF
|
| 080 |
|
|
|a (035)
|2 MRF
|
| 100 |
1 |
|
|a Tandlichová, Eva,
|d 1943-
|7 xx0013724
|4 aut
|
| 245 |
1 |
0 |
|a S angličtinou do světa :
|b English in need /
|c Eva Tandlichová, Ľubica Rovanová
|
| 246 |
3 |
0 |
|a English in need
|
| 260 |
|
|
|a Praha :
|b Ottovo nakladatelství,
|c 2012
|
| 300 |
|
|
|a 312 s. :
|b il. ;
|c 14 cm
|
| 500 |
|
|
|a Část. přeloženo ze slovenštiny?
|
| 500 |
|
|
|a Česko-anglický slovník
|
| 650 |
0 |
7 |
|a angličtina
|7 ph114056
|2 czenas
|
| 650 |
0 |
7 |
|a slovní zásoba
|7 ph166083
|2 czenas
|
| 650 |
0 |
7 |
|a fráze
|7 ph135256
|2 czenas
|
| 650 |
0 |
9 |
|a English language
|2 eczenas
|
| 650 |
0 |
9 |
|a vocabulary
|2 eczenas
|
| 650 |
0 |
9 |
|a phrases
|2 eczenas
|
| 655 |
|
7 |
|a příručky
|7 fd133209
|2 czenas
|
| 655 |
|
9 |
|a handbooks and manuals
|2 eczenas
|
| 700 |
1 |
|
|a Rovanová, Ľubica
|7 mzk2006356095
|4 aut
|
| 910 |
2 |
|
|a BOA001
|b S-1303.748
|
| 990 |
|
|
|a BK
|
| 995 |
|
|
|a 01
|
| 991 |
|
|
|b 201307
|c NOV
|e n
|
| 996 |
6 |
|
|b 2610553634
|c S-1303.748
|l MZK
|r Sklad / do 24 hodin
|n 0
|p p.v.
|w 001339007
|u 000010
|a 1
|e BOA001
|j MZK50
|s P
|